Missing Word: 'Day' Songs Quiz Stats

 Plays Quiz Updated Jun 11, 2017

Support Sporcle.
Go Orange.
Score 0/14 Timer 03:00
0 Plays Today
Song Title Missing Word % Correct
These Are the Days of ___ LivesOur
94.6%
___ Days a WeekEight
93.9%
___ the Universe in 80 DaysAround
88.5%
Twelve Days of ___Christmas
87.4%
One of ___ DaysThese
84.8%
___ Be the DayThat'll
76.8%
Have a ___ DayNice
73.8%
Song Title Missing Word % Correct
Seven ___ Seven DaysNights
63.4%
Dog Days Are ___Over
62.2%
___ DaysGlory
61.4%
I'll ___ the DaysCount
60.9%
___ DayBeautiful
55.7%
Days of the ___Week
42.2%
One ___ DaySweet
28.3%

Today's Daily Dose

Missing Word
FPS Games (A-Z)

Quick Pick
Cartoon Lions

Get the Picture
5, 6, 7, or 8 Movies

You're not logged in!

Compare scores with friends on all Sporcle quizzes.
OR
Log In
Forgot?

From the Vault

'D' Game

by Matt

If you want to at least pass this quiz, you'll need to get 22 answers to get a 'D'.
Remove Ads.
Support Sporcle.
Get the best of Sporcle when you Go Orange. This ad-free experience offers more features, more stats, and more fun while also helping to support Sporcle. Thank you for becoming a member.

Show Comments

Extras

Top Quizzes Today


Score Distribution

Your Account Isn't Verified!

In order to create a playlist on Sporcle, you need to verify the email address you used during registration. Go to your Sporcle Settings to finish the process.

Report this User

Report this user for behavior that violates our Community Guidelines.

Details: